| 000 | 01269nam a2200337Ia 4500 | ||
|---|---|---|---|
| 001 | Para_6005 | ||
| 003 | CHAP | ||
| 008 | 220125s1990 xx 000 0 und d | ||
| 010 | _a202664 | ||
| 040 | _cCHAP | ||
| 090 | _aPA TESIS 589 | ||
| 100 |
_aOsada Velázquez, Horacio Koji _984158 |
||
| 245 | _aComparación de 6 esquemas de muestreo para determinar severidad de daño por roya (Uromyces fabae (Pers) de Bary) y macha (Botrytis fabae Sard) en haba (Vicia faba L.) y sus curvas de prog | ||
| 260 |
_aChapingo, Méx. : _b el autor |
||
| 300 | _a70 h. | ||
| 502 | _aTesis (Ing. Agr. Esp. en Parasitología Agrícola) -- UACh. Departamento Parasitología Agrícola | ||
| 650 |
_aBotrytis fabae _914706 |
||
| 650 |
_aHaba _x Chapingo, Méx. _9167961 |
||
| 650 |
_aHaba _x enfermedades _952101 |
||
| 650 |
_aHaba _x enfermedades por hongos _952102 |
||
| 650 |
_aMuestreo estadístico _979288 |
||
| 650 |
_aRoya del haba _9100387 |
||
| 710 |
_aUACh. Departamento Parasitología Agrícola _9164025 |
||
| 901 | _aPA TESIS 589 | ||
| 902 | _aA | ||
| 905 | _a0000001990 0000000000 00 | ||
| 910 | _a1990 | ||
| 942 | _cPARA | ||
| 942 |
_cPARA _d1 |
||
| 999 |
_c202664 _d202664 |
||